Les transferts des joueurs les plus élevés de l'histoire #4 - Statistiques

Statistiques générales
  • Ce quiz a été pris 43 fois
  • Le résultat moyen est 6 sur 10
Statistiques - réponses
Rang Date Montant De A Joueurs % Correct
#41 2019 75 millions Ajax Amsterdam FC Barcelone Frenkie de Jong
89%
#41 2024 75 millions Manchester City Atlético de Madrid Julian Alvarez
86%
#41 2001 75 millions Juventus Real Madrid Zinédine Zidane
84%
#41 2023 75 millions Chelsea FC Arsenal FC Kai Havertz
70%
#49 2018 72 millions AS Monaco Atlético de Madrid Thomas Lemar
65%
#41 2014 75 millions Real Madrid Manchester United Angel Di Maria
62%
#49 2020 72 millions FC Barcelone Juventus Arthur
57%
#46 2023 74 millions Atalanta Bergame Manchester United Rasmus Hojlund
54%
#46 2019 74 millions Manchester United Inter Milan Romelu Lukaku
54%
#48 2020 73,8 millions LOSC Lille SSC Naples Victor Oshimhen
0%
Aucun quiz correspondant
Distribution des résultats
% des personnes avec chaque résultat
Percentile par nombre de réponses
Votre historique - résultats
Vous n’avez pas pris ce quiz